000 00328nam a22001337a 4500
008 210302b ||||| |||| 00| 0 eng d
020 _a9780895828729
041 _aeng
080 _24th
_a579
100 _a11
101 _aMIK
245 _aA Photographic Atlas for the Microbiology Laboratory
_cLeboffe,J.M
942 _2udc
_cBK
999 _c55546
_d55546